000 00534nam a22001937a 4500
005 20251108170755.0
008 250721s2000 xx 000 0 ara d
082 1 4 _a005.1/برك
100 1 _aبركات، جورج
245 1 0 _aالمرجع الشامل /
246 1 1 _a3d stidio max: version 3.0
264 1 _aالقاهرة :
_bدار الرضا،
_c2000.
300 _aج
650 1 7 _aالحواسيب
650 1 7 _aلغات البرمجة
650 1 7 _aبرامج الحاسوب
942 _2ddc
_cBK
999 _c48668
_d48668